000 00345nam a2200121Ia 4500
008 171211s9999 xx 000 0 und d
020 _a9789812729934
100 _aHall, John E.
245 _aPocket Companion to Guyton and Hall Textbook of Medical Physiology
250 _a12th Edition
260 _bElsevier, Inc.
_c2012
300 _a718 pages
999 _c350823
_d350823